[Event "American Cup Blitz 2026"]
[Site "Saint Louis USA"]
[Date "2026.03.02"]
[Round "8.2"]
[White "Mishra, Abhimanyu"]
[Black "Durarbayli, Vasif"]
[Result "1-0"]
[WhiteTitle "GM"]
[BlackTitle "GM"]
[WhiteElo "2629"]
[BlackElo "2612"]
[WhiteFideId "30920019"]
[BlackFideId "13402935"]
[EventDate "2026.03.02"]

1. d4 Nf6 2. c4 e6 3. Nf3 b6 4. g3 Bb7 5. Bg2 Be7 6. Nc3 O-O 7. Qc2 c5 8. d5
exd5 9. Ng5 h6 10. Nxd5 Bxd5 11. cxd5 hxg5 12. d6 Nc6 13. dxe7 Qxe7 14. Bxg5 Qe5
15. Bxf6 Qxf6 16. O-O Rad8 17. Rfd1 d5 18. e3 Qe6 19. Rd2 Rd6 20. Rad1 Rfd8 21.
Qb3 Ne7 22. h4 g6 23. Qa4 a5 24. Qf4 Kg7 25. a4 Nc6 26. h5 Nb4 27. e4 d4 28. e5
R6d7 29. Bf3 Re7 30. Re1 Rh8 31. Bg4 Qc6 32. Qg5 Kf8 33. e6 gxh5 34. Bf5 h4 35.
Qf6 Rg8 36. Qxh4 Qd5 37. Qf6 d3 38. Re4 Nc6 39. Qh6+ Rg7 40. Rg4 Qe5 41. Qh8+ 1-0

[Event "American Cup Blitz 2026"]
[Site "Saint Louis USA"]
[Date "2026.03.02"]
[Round "8.3"]
[White "Aronian, Levon"]
[Black "Hong, Andrew"]
[Result "1-0"]
[WhiteTitle "GM"]
[BlackTitle "GM"]
[WhiteElo "2729"]
[BlackElo "2587"]
[WhiteFideId "13300474"]
[BlackFideId "2099438"]
[EventDate "2026.03.02"]

1. e4 c5 2. Nf3 d6 3. Bc4 Nf6 4. d3 e6 5. O-O Be7 6. a4 O-O 7. Nbd2 Nc6 8. Re1
b6 9. Ba2 Bb7 10. Nf1 a6 11. Ng3 b5 12. Bf4 d5 13. e5 Nd7 14. c3 d4 15. Ne4 dxc3
16. bxc3 b4 17. d4 bxc3 18. d5 exd5 19. Bxd5 Nb6 20. Nd6 Nxd5 21. Qxd5 Na5 22.
Qd3 Bxf3 23. gxf3 Nb3 24. Ra3 Nd4 25. Rxc3 Qa5 26. Re4 Rab8 27. Kg2 Rb4 28. Bd2
Rxa4 29. Rg4 Bxd6 30. exd6 f5 31. Rg3 Qd8 32. Bf4 Re8 33. Rxc5 Ne6 34. Be5 Rd4
35. Qb3 Kf8 36. Rc7 Rxd6 37. Bxg7+ Kg8 38. Bf6+ Kf8 1-0

[Event "American Cup Blitz 2026"]
[Site "Saint Louis USA"]
[Date "2026.03.02"]
[Round "8.4"]
[White "Quesada Perez, Yasser"]
[Black "Dominguez Perez, Leinier"]
[Result "1-0"]
[WhiteTitle "GM"]
[BlackTitle "GM"]
[WhiteElo "2562"]
[BlackElo "2738"]
[WhiteFideId "3509362"]
[BlackFideId "3503240"]
[EventDate "2026.03.02"]

1. e4 e5 2. Nf3 Nc6 3. Nc3 Nf6 4. Bb5 Nd4 5. Be2 Nxf3+ 6. Bxf3 Bc5 7. d3 O-O 8.
O-O a5 9. Ne2 Re8 10. c3 d6 11. Ng3 h6 12. d4 Bb6 13. Be3 Bd7 14. Qc2 a4 15.
Rad1 Qe7 16. Rfe1 c5 17. dxe5 dxe5 18. Be2 Red8 19. Bc4 Be6 20. Rxd8+ Qxd8 21.
Bxe6 fxe6 22. Qe2 Qd7 23. Rd1 Qc6 24. Qc4 Kh7 25. f3 Ba7 26. Bf2 b5 27. Qd3 Bb6
28. Qd6 Rc8 29. Qxe5 c4 30. Rd6 Bxf2+ 31. Kxf2 Qc7 32. Qxe6 Kh8 33. Rd4 b4 34.
e5 Ng8 35. Nf5 a3 36. bxa3 bxc3 37. Ne3 Rd8 38. Qxc4 Qxc4 39. Rxc4 Rd2+ 40. Kg3
Rd3 41. Kf4 Ne7 42. Ke4 Rd2 43. Rc7 Ng8 44. Rxc3 Rxa2 45. f4 1-0

[Event "American Cup Blitz 2026"]
[Site "Saint Louis USA"]
[Date "2026.03.02"]
[Round "8.5"]
[White "Kevlishvili, Robby"]
[Black "Oparin, Grigoriy"]
[Result "1/2-1/2"]
[WhiteTitle "GM"]
[BlackTitle "GM"]
[WhiteElo "2527"]
[BlackElo "2658"]
[WhiteFideId "1040634"]
[BlackFideId "24125890"]
[EventDate "2026.03.02"]

1. e4 c6 2. Nf3 d5 3. Nc3 dxe4 4. Nxe4 Nf6 5. Qe2 Bg4 6. h3 Bh5 7. d3 Nxe4 8.
dxe4 e6 9. Bd2 Nd7 10. O-O-O Qc7 11. g4 Bg6 12. h4 h5 13. g5 O-O-O 14. Bg2 Bd6
15. Bc3 Bf4+ 16. Kb1 Ne5 17. Nxe5 Bxe5 18. Bxe5 Qxe5 19. Qe3 Qa5 20. f4 Rxd1+
21. Rxd1 Rd8 22. Rxd8+ Qxd8 23. Bf3 Qb6 24. Qxb6 axb6 25. Kc1 f6 26. gxf6 gxf6
27. e5 f5 28. Kd2 c5 29. c3 b5 30. b4 cxb4 31. cxb4 Be8 32. Kc3 b6 33. Kd4 Kd8
34. a3 Ke7 35. Be2 Kd8 36. Bf3 Ke7 37. Be2 Kd8 38. Bf3 Ke7 1/2-1/2

[Event "American Cup Blitz 2026"]
[Site "Saint Louis USA"]
[Date "2026.03.02"]
[Round "8.6"]
[White "Caruana, Fabiano"]
[Black "Fier, Alexandr"]
[Result "1-0"]
[WhiteTitle "GM"]
[BlackTitle "GM"]
[WhiteElo "2795"]
[BlackElo "2572"]
[WhiteFideId "2020009"]
[BlackFideId "2107139"]
[EventDate "2026.03.02"]

1. e4 e5 2. d3 Nf6 3. f4 exf4 4. Bxf4 d5 5. e5 Nfd7 6. Nf3 Nc5 7. d4 Ne6 8. Be3
c5 9. c3 Nc6 10. Bd3 Be7 11. O-O O-O 12. Nbd2 b6 13. Qc2 h6 14. a3 a5 15. Rf2
Ba6 16. Bxa6 Rxa6 17. Nf1 cxd4 18. cxd4 b5 19. Ng3 a4 20. Qf5 Bh4 21. Qg4 Bxg3
22. hxg3 Kh7 23. Raf1 Ne7 24. Qh5 Qe8 25. Qh3 f5 26. exf6 Rxf6 27. Ne5 Rxf2 28.
Rxf2 Nc6 29. Ng4 Qg6 30. Nf6+ gxf6 31. Qxe6 f5 32. Qd7+ Qg7 33. Qxf5+ Kh8 34.
Qc8+ 1-0

[Event "American Cup Blitz 2026"]
[Site "Saint Louis USA"]
[Date "2026.03.02"]
[Round "8.7"]
[White "Matviishen, Viktor"]
[Black "Pranav, V"]
[Result "0-1"]
[WhiteTitle "GM"]
[BlackTitle "GM"]
[WhiteElo "2533"]
[BlackElo "2641"]
[WhiteFideId "14129850"]
[BlackFideId "25060783"]
[EventDate "2026.03.02"]

1. d4 Nf6 2. c4 e6 3. Nc3 Bb4 4. e3 Nc6 5. Bd3 e5 6. Ne2 Bxc3+ 7. bxc3 e4 8. Bc2
Na5 9. f3 exf3 10. gxf3 Nxc4 11. e4 d5 12. Ng3 Be6 13. Rb1 h5 14. h4 dxe4 15.
fxe4 b6 16. Bg5 Qd6 17. e5 Nxe5 18. dxe5 Qxe5+ 19. Ne2 Rd8 20. Ba4+ Ke7 21. Qc1
Qe4 22. Rf1 Qxa4 23. Nd4 c5 24. Qf4 cxd4 25. Bxf6+ gxf6 26. Qxf6+ Kd7 27. Rb4
Qxa2 28. Rxd4+ Kc8 0-1

[Event "American Cup Blitz 2026"]
[Site "Saint Louis USA"]
[Date "2026.03.02"]
[Round "8.8"]
[White "Hardaway, Brewington"]
[Black "Bok, Benjamin"]
[Result "0-1"]
[WhiteTitle "GM"]
[BlackTitle "GM"]
[WhiteElo "2544"]
[BlackElo "2592"]
[WhiteFideId "30941849"]
[BlackFideId "1017063"]
[EventDate "2026.03.02"]

1. e4 e5 2. Nf3 Nc6 3. Bc4 Bc5 4. d3 Nf6 5. Nc3 h6 6. h3 d6 7. Na4 Bb6 8. a3 Be6
9. Bxe6 fxe6 10. O-O O-O 11. b4 Nd4 12. Bb2 Nxf3+ 13. Qxf3 Qe8 14. Nxb6 axb6 15.
g3 Nh7 16. Qg4 h5 17. Qe2 Ng5 18. Kg2 Nf3 19. Rfd1 Qg6 20. d4 exd4 21. Bxd4 Rf7
22. a4 Raf8 23. Ra3 h4 24. e5 Nxd4 25. Rxd4 Rxf2+ 26. Qxf2 Rxf2+ 27. Kxf2 Qxc2+
28. Kf3 Qf5+ 29. Rf4 Qxh3 30. Rxh4 Qf1+ 31. Ke3 Qc1+ 32. Kd4 0-1

[Event "American Cup Blitz 2026"]
[Site "Saint Louis USA"]
[Date "2026.03.02"]
[Round "8.9"]
[White "Boros, Denes"]
[Black "Lodici, Lorenzo"]
[Result "0-1"]
[WhiteTitle "GM"]
[BlackTitle "GM"]
[WhiteElo "2371"]
[BlackElo "2590"]
[WhiteFideId "722340"]
[BlackFideId "884189"]
[EventDate "2026.03.02"]

1. e4 e5 2. d4 exd4 3. Qxd4 Nc6 4. Qa4 Nf6 5. Nf3 Bc5 6. Nc3 Ng4 7. Nd1 O-O 8.
Bd3 d6 9. O-O Qf6 10. h3 Nge5 11. Nxe5 Nxe5 12. Be3 Nf3+ 13. Kh1 Qh4 14. gxf3
Bxh3 15. Kg1 f5 16. Qc4+ Kh8 17. exf5 Qh5 18. Qf4 Bxf1 19. Kxf1 Rae8 20. b4 Qh1+
21. Ke2 Bb6 22. Kd2 d5 23. c3 Rf6 24. Rb1 Qg2 25. Bxb6 axb6 26. Qg3 Qh1 27. Ne3
Qh6 28. Qxc7 Rc6 29. Qd7 Rec8 30. Rc1 d4 31. Qxb7 dxe3+ 32. fxe3 Qh2+ 33. Kd1
Qg1+ 34. Kd2 Qf2+ 35. Kd1 Qxf3+ 0-1

[Event "American Cup Blitz 2026"]
[Site "Saint Louis USA"]
[Date "2026.03.02"]
[Round "8.10"]
[White "Cordova, Emilio"]
[Black "Raja, Harshit"]
[Result "0-1"]
[WhiteTitle "GM"]
[BlackTitle "GM"]
[WhiteElo "2494"]
[BlackElo "2472"]
[WhiteFideId "3801497"]
[BlackFideId "5089000"]
[EventDate "2026.03.02"]

1. d4 Nf6 2. Bg5 d5 3. e3 c5 4. Nd2 Qb6 5. Ngf3 cxd4 6. exd4 Nc6 7. Bxf6 gxf6 8.
c4 dxc4 9. Bxc4 Bd7 10. O-O Nxd4 11. Nxd4 Qxd4 12. Qb3 O-O-O 13. Rac1 Kb8 14.
Bxf7 Bh6 15. Nf3 Qb6 16. Rc3 Qxb3 17. Rxb3 Bc6 18. Re1 e5 19. Nh4 Rhf8 20. Bh5
Bd2 21. Rf1 Ba4 22. Rh3 Bb5 23. Ra1 f5 24. Nf3 e4 25. Nxd2 Rxd2 26. Bd1 Rf7 27.
Bb3 Rg7 28. Re1 Rxb2 29. g3 Bc6 30. Rh5 f4 31. Rf5 e3 32. Rxf4 Re7 33. f3 a5 34.
h4 Rd7 35. Rxe3 Rdd2 36. Re1 Rg2+ 37. Kh1 Rh2+ 38. Kg1 Rhg2+ 39. Kh1 Rgf2 40.
Kg1 Bxf3 41. Re8+ Ka7 42. Rxf3 Rxf3 43. Re5 Rxg3+ 44. Kf1 Rc3 45. Rxa5+ Kb6 46.
Re5 Rc1+ 47. Re1 Rxe1+ 48. Kxe1 Rh2 0-1

[Event "American Cup Blitz 2026"]
[Site "Saint Louis USA"]
[Date "2026.03.02"]
[Round "8.11"]
[White "Celik, Hasan Huseyin"]
[Black "Tari, Aryan"]
[Result "0-1"]
[WhiteTitle "IM"]
[BlackTitle "GM"]
[WhiteElo "2495"]
[BlackElo "2642"]
[WhiteFideId "44506759"]
[BlackFideId "1510045"]
[EventDate "2026.03.02"]

1. e4 e5 2. Nf3 Nc6 3. Bb5 Nge7 4. Nc3 Ng6 5. O-O Bc5 6. d3 O-O 7. a3 Nh4 8.
Bxc6 Nxf3+ 9. Qxf3 dxc6 10. Qg3 Re8 11. Kh1 Bd6 12. f4 exf4 13. Bxf4 Bxf4 14.
Rxf4 Be6 15. Raf1 Qd6 16. Ne2 c5 17. b3 b5 18. Qe3 Rad8 19. Rh4 Qe5 20. b4 cxb4
21. axb4 Qb2 22. Qd2 Qe5 23. Qc3 Qxc3 24. Nxc3 c6 25. Rh5 Rd4 26. Rb1 f5 27.
exf5 Bf7 28. Rh3 Rxb4 29. Rc1 a5 30. Ne4 Bd5 31. Nc3 Rb2 32. Kg1 a4 33. Kf2 a3
34. Re3 Ra8 35. Re2 b4 36. Nxd5 cxd5 37. Ra1 Rc8 38. Rc1 b3 39. c4 Rxe2+ 0-1

[Event "American Cup Blitz 2026"]
[Site "Saint Louis USA"]
[Date "2026.03.02"]
[Round "8.12"]
[White "Mikaelyan, Arman"]
[Black "Warmerdam, Max"]
[Result "0-1"]
[WhiteTitle "GM"]
[BlackTitle "GM"]
[WhiteElo "2494"]
[BlackElo "2580"]
[WhiteFideId "13304852"]
[BlackFideId "1048104"]
[EventDate "2026.03.02"]

1. d4 Nf6 2. c4 g6 3. Nf3 Bg7 4. g3 O-O 5. Bg2 d6 6. O-O Nbd7 7. Nc3 e5 8. e4
Re8 9. b3 exd4 10. Nxd4 Nc5 11. f3 a5 12. Be3 c6 13. Qd2 a4 14. b4 Ncd7 15. Qc2
Ne5 16. Nxa4 Nxc4 17. Qxc4 Rxa4 18. Qb3 Ra8 19. Bf2 d5 20. Rad1 Bd7 21. exd5
Nxd5 22. b5 Qa5 23. f4 Nc3 24. Rd3 Nxb5 25. Nxb5 Be6 26. Qb1 Qxb5 27. Qxb5 cxb5
28. Bxb7 Rxa2 29. Bc6 Rb8 30. Rb1 b4 31. Bc5 Ra1 32. Rxa1 Bxa1 33. Rd1 Bc3 34.
Be4 b3 35. Kf2 b2 36. Ke3 Re8 37. Kf2 Bb3 0-1

[Event "American Cup Blitz 2026"]
[Site "Saint Louis USA"]
[Date "2026.03.02"]
[Round "8.13"]
[White "Harsha, Bharathakoti"]
[Black "Rorrer, Grayson"]
[Result "1-0"]
[WhiteTitle "GM"]
[BlackTitle "IM"]
[WhiteElo "2538"]
[BlackElo "2415"]
[WhiteFideId "5078776"]
[BlackFideId "30944996"]
[EventDate "2026.03.02"]

1. f4 d5 2. Nf3 Nf6 3. g3 g6 4. Bg2 Bg7 5. O-O O-O 6. d3 c5 7. Qe1 d4 8. Na3 Nc6
9. c4 Ne8 10. Nc2 e5 11. fxe5 Nxe5 12. Nxe5 Bxe5 13. b4 cxb4 14. Nxb4 Nc7 15.
Qf2 Qd6 16. Rb1 Be6 17. Ba3 Rab8 18. Nc2 Qa6 19. Bxf8 Kxf8 20. Nb4 Qd6 21. Nc6
Re8 22. Nxe5 Qxe5 23. Rxb7 Re7 24. Qf4 Qc5 25. Qf6 Ke8 26. Qh8+ Kd7 27. Qb8 Bg4
28. Rfb1 Kd6 29. Qxa7 Qe5 1-0

[Event "American Cup Blitz 2026"]
[Site "Saint Louis USA"]
[Date "2026.03.02"]
[Round "8.14"]
[White "Kuru, Atilla"]
[Black "Gazik, Viktor"]
[Result "1-0"]
[WhiteTitle "IM"]
[BlackTitle "GM"]
[WhiteElo "2450"]
[BlackElo "2537"]
[WhiteFideId "51607948"]
[BlackFideId "14928752"]
[EventDate "2026.03.02"]

1. e4 Nf6 2. Nc3 d5 3. exd5 Nxd5 4. Bc4 Nb6 5. Bb3 a5 6. a3 Nc6 7. Nf3 Bf5 8.
O-O e6 9. d4 Be7 10. Re1 O-O 11. h3 Bg6 12. Bf4 Bh5 13. Nb5 Rc8 14. Qd3 a4 15.
Ba2 Bf6 16. Ne5 Nd5 17. Bg3 Nxe5 18. dxe5 Bg5 19. c4 Nf4 20. Qc2 Qd3 21. Qxa4
Ne2+ 22. Kh2 Nxg3 23. fxg3 Rfd8 24. Bb1 Qd2 25. Be4 Qxb2 26. Bxb7 Rb8 27. Be4
Qd2 28. Qb4 Qxb4 29. axb4 Bd2 30. Reb1 Be2 31. Nxc7 Rxb4 32. Rxb4 Bxb4 33. Bf3
Bc3 34. Rc1 Bxe5 35. Nxe6 fxe6 36. Bxe2 Kf7 37. c5 Ke7 38. c6 Bc7 39. Bf3 g6 40.
Rb1 Rd2 41. Rb7 Kd6 42. Ra7 h5 43. h4 Rd4 44. Ra1 Ke7 45. Kh3 Rb4 46. g4 hxg4+
47. Bxg4 Rb3+ 48. Bf3 Rb4 49. Rd1 Bd6 50. Rd3 Ra4 51. Bg4 Re4 52. Bf3 Re1 53.
Kg4 Re5 54. Rb3 Rc5 55. Rb7+ Kf6 56. Rd7 Rc4+ 57. Kh3 Be5 58. g4 Bf4 59. g5+ Kf5
60. Rf7+ Ke5 61. c7 Rc3 62. Kg2 Rc2+ 63. Kf1 Rc1+ 64. Ke2 Rc2+ 65. Kd3 Rd2+ 66.
Kc3 1-0

[Event "American Cup Blitz 2026"]
[Site "Saint Louis USA"]
[Date "2026.03.02"]
[Round "8.15"]
[White "Putnam, Liam"]
[Black "Bharath, Subramaniyam H"]
[Result "0-1"]
[WhiteTitle "IM"]
[BlackTitle "GM"]
[WhiteElo "2485"]
[BlackElo "2595"]
[WhiteFideId "30938279"]
[BlackFideId "46634827"]
[EventDate "2026.03.02"]

1. d4 Nf6 2. c4 b6 3. Nc3 Bb7 4. Qc2 d5 5. Nf3 e6 6. cxd5 Nxd5 7. e4 Nxc3 8.
bxc3 Be7 9. Bd3 c5 10. O-O cxd4 11. cxd4 O-O 12. Bb2 Nc6 13. Qe2 Rc8 14. Rfd1
Nb4 15. Bb1 Ba6 16. Qd2 Bb7 17. d5 exd5 18. Qd4 f6 19. a3 Nc6 20. Qxd5+ Qxd5 21.
exd5 Na5 22. Bf5 Rcd8 23. Rac1 Bc5 24. Be6+ Kh8 25. g4 Bc8 26. Nd4 Bxd4 27. Bxd4
Nb3 28. Rxc8 Rxc8 29. Bxc8 Rxc8 30. Be3 Kg8 31. Rd3 Na5 32. Kg2 Kf7 33. Bf4 Rc4
34. Kg3 Nb7 35. d6 g5 36. Bd2 Rc8 37. d7 Rd8 38. Bb4 a5 39. Bc3 Nc5 40. Re3 Rxd7
41. h4 h6 42. f3 Rd3 43. Rxd3 Nxd3 44. hxg5 hxg5 45. Bd4 b5 46. Kg2 b4 47. axb4
axb4 48. Kf1 b3 49. Ke2 b2 0-1

[Event "American Cup Blitz 2026"]
[Site "Saint Louis USA"]
[Date "2026.03.02"]
[Round "8.16"]
[White "Rosen, Eric"]
[Black "Sonis, Francesco"]
[Result "0-1"]
[WhiteTitle "IM"]
[BlackTitle "GM"]
[WhiteElo "2377"]
[BlackElo "2561"]
[WhiteFideId "2032562"]
[BlackFideId "895733"]
[EventDate "2026.03.02"]

1. d4 Nf6 2. Bf4 b5 3. Nf3 Bb7 4. e3 b4 5. c4 e6 6. Nbd2 Be7 7. Bd3 Nh5 8. Bg3
Nxg3 9. hxg3 h6 10. e4 d6 11. Qe2 c5 12. d5 e5 13. Bc2 a5 14. Ba4+ Kf8 15. Nf1
g6 16. g4 Kg7 17. Ng3 Bc8 18. Nd2 Nd7 19. Bxd7 Bxd7 20. Ndf1 Bg5 21. f3 Bf4 22.
Qf2 a4 23. Ke2 Qg5 24. Kd3 b3 25. a3 Kf8 26. Re1 Ke7 27. Ne3 h5 28. Ne2 hxg4 29.
g3 Bxe3 30. Qxe3 Qxe3+ 31. Kxe3 gxf3 32. Kxf3 f5 33. Nc3 Kf6 34. Ref1 Kg5 35.
Kg2 f4 36. gxf4+ exf4 37. Rfg1 Rxh1 38. Rxh1 Kf6 39. Kf3 g5 40. Rh7 Rd8 41. Nd1
Ke5 42. Nf2 g4+ 43. Nxg4+ Bxg4+ 44. Kxg4 Rg8+ 45. Kf3 Rg3+ 46. Kf2 Rd3 47. Re7+
Kd4 48. e5 dxe5 49. d6 Kxc4 50. d7 Kb5 51. Ke2 Rd4 52. Rxe5 Rxd7 53. Re4 Rh7 54.
Kd2 Rh2+ 55. Kc1 Rc2+ 56. Kb1 Rf2 57. Kc1 f3 58. Rf4 Rc2+ 59. Kd1 Rxb2 60. Rxf3
Ra2 61. Kc1 Rxa3 62. Kb2 Ra2+ 63. Kb1 Re2 64. Rf4 a3 65. Rf1 Kb4 66. Ka1 Rc2 67.
Rf4+ c4 68. Rf1 Rc1+ 69. Rxc1 b2+ 70. Ka2 bxc1=B 0-1

[Event "American Cup Blitz 2026"]
[Site "Saint Louis USA"]
[Date "2026.03.02"]
[Round "8.17"]
[White "Kavutskiy, Kostya"]
[Black "Zatonskih, Anna"]
[Result "1-0"]
[WhiteTitle "IM"]
[BlackTitle "IM"]
[WhiteElo "2330"]
[BlackElo "2328"]
[WhiteFideId "2026384"]
[BlackFideId "14101572"]
[EventDate "2026.03.02"]

1. Nf3 d5 2. g3 Nd7 3. d4 Nb6 4. Nbd2 Nf6 5. Bg2 e6 6. O-O Be7 7. c3 O-O 8. Qc2
c5 9. e4 cxd4 10. Nxd4 e5 11. N4b3 Be6 12. Rd1 Qc7 13. exd5 Nbxd5 14. Ne4 Rfd8
15. Bg5 h6 16. Nxf6+ Nxf6 17. Bxf6 Bxf6 18. Nd2 Be7 19. Nf1 Bc5 20. Qe2 Rxd1 21.
Qxd1 Rd8 22. Qe2 b6 23. Ne3 Bxe3 24. Qxe3 Qc5 25. Qxc5 bxc5 26. b4 cxb4 27. cxb4
f5 28. Bc6 a6 29. a4 Rb8 30. b5 axb5 31. axb5 Kf7 32. Ra7+ Kf6 33. Rb7 Rxb7 34.
Bxb7 Ke7 35. b6 Kd6 36. Ba8 Bc4 37. h3 Kd7 38. g4 fxg4 39. hxg4 Kc8 40. Bc6 Kb8
41. Kg2 Be2 42. Kg3 g5 43. Bf3 Ba6 44. Bd5 Be2 45. f3 Ba6 46. Kf2 Bb7 47. Bxb7
Kxb7 48. Ke3 Kxb6 49. Ke4 Kc5 50. Kxe5 Kc4 51. Kf5 Kd3 52. Kg6 Ke3 53. Kxh6 1-0

[Event "American Cup Blitz 2026"]
[Site "Saint Louis USA"]
[Date "2026.03.02"]
[Round "8.18"]
[White "Kantor, Gergely"]
[Black "Can, Isik"]
[Result "1-0"]
[WhiteTitle "GM"]
[BlackTitle "GM"]
[WhiteElo "2515"]
[BlackElo "2562"]
[WhiteFideId "751499"]
[BlackFideId "6383742"]
[EventDate "2026.03.02"]

1. e4 c6 2. d4 d5 3. e5 Bf5 4. Nd2 e6 5. Nb3 a6 6. Nf3 c5 7. Be2 Nc6 8. c3 c4 9.
Nbd2 g5 10. Nf1 g4 11. N3d2 h5 12. Ne3 Bg6 13. h3 gxh3 14. Rxh3 h4 15. Nf3 Bg7
16. b3 b5 17. bxc4 bxc4 18. Ba3 Qa5 19. Qc1 Nge7 20. Rxh4 Kd7 21. Kf1 Be4 22.
Kg1 Ng6 23. Nxc4 dxc4 24. Rxe4 Rh6 25. g3 Qd5 26. Qc2 Rah8 27. Kg2 Nge7 28. Nh4
Nf5 29. Bf3 Qa5 30. d5 exd5 31. Bg4 dxe4 32. Bxf5+ Ke8 1-0

[Event "American Cup Blitz 2026"]
[Site "Saint Louis USA"]
[Date "2026.03.02"]
[Round "8.19"]
[White "Akobian, Varuzhan"]
[Black "Heimann, Mark"]
[Result "1-0"]
[WhiteTitle "GM"]
[BlackTitle "GM"]
[WhiteElo "2549"]
[BlackElo "2511"]
[WhiteFideId "13300580"]
[BlackFideId "2028441"]
[EventDate "2026.03.02"]

1. d4 d6 2. Nf3 Bg4 3. e3 Nf6 4. Be2 e6 5. c4 Be7 6. h3 Bh5 7. Nc3 O-O 8. g4 Bg6
9. Nh4 c5 10. Nxg6 hxg6 11. g5 Nfd7 12. h4 cxd4 13. exd4 Nc6 14. Be3 e5 15. d5
Nd4 16. Bxd4 exd4 17. Qxd4 Rc8 18. f4 Re8 19. O-O-O Qa5 20. h5 b5 21. hxg6 fxg6
22. Bg4 Bxg5 23. fxg5 Rxc4 24. Qxc4 bxc4 25. Bxd7 Re3 26. Be6+ Kf8 27. Rdf1+ 1-0

[Event "American Cup Blitz 2026"]
[Site "Saint Louis USA"]
[Date "2026.03.02"]
[Round "8.20"]
[White "Kadric, Denis"]
[Black "Budisavljevic, Luka"]
[Result "1-0"]
[WhiteTitle "GM"]
[BlackTitle "GM"]
[WhiteElo "2540"]
[BlackElo "2501"]
[WhiteFideId "14403803"]
[BlackFideId "960047"]
[EventDate "2026.03.02"]

1. d3 d5 2. Nd2 c5 3. e4 Nf6 4. g3 Nc6 5. Bg2 e6 6. Nh3 Be7 7. O-O O-O 8. f4 b5
9. Nf2 a5 10. e5 Nd7 11. c4 bxc4 12. dxc4 Nb6 13. cxd5 exd5 14. Nf3 a4 15. Re1
d4 16. Ng5 Bxg5 17. Bxc6 Be7 18. Bxa8 Nxa8 19. Qf3 Nb6 20. f5 f6 21. e6 Nc4 22.
Bf4 Qb6 23. Qg4 Kh8 24. b3 Na5 25. bxa4 c4 26. Rab1 Qc6 27. Rb8 d3 28. Rc1 Bb7
29. Rxb7 Qxb7 30. Bd2 Ba3 31. Rxc4 Nxc4 32. Qxc4 Rc8 33. Qb3 Qxb3 34. axb3 Rc2
35. Ne4 Kg8 36. Kf2 Rb2 37. Ke3 Rxb3 38. a5 Rb8 39. Kxd3 Kf8 40. Kc4 Be7 41. a6
Rc8+ 42. Kb5 Ke8 43. Bf4 Rc2 44. a7 Ra2 45. Be3 Kd8 46. Kc6 Kc8 47. Nd6+ Kd8 48.
Bb6# 1-0

[Event "American Cup Blitz 2026"]
[Site "Saint Louis USA"]
[Date "2026.03.02"]
[Round "8.21"]
[White "Munkhdalai, Amilal"]
[Black "Aryan, Chopra"]
[Result "0-1"]
[WhiteTitle "IM"]
[BlackTitle "GM"]
[WhiteElo "2455"]
[BlackElo "2631"]
[WhiteFideId "4903250"]
[BlackFideId "5084423"]
[EventDate "2026.03.02"]

1. e4 d6 2. d4 Nf6 3. Nc3 e5 4. Nf3 Nbd7 5. Bc4 Be7 6. O-O O-O 7. Re1 c6 8. a4
h6 9. Bf1 Re8 10. a5 Rb8 11. h3 b5 12. axb6 axb6 13. b3 b5 14. Bb2 b4 15. Nb1
Bf8 16. dxe5 dxe5 17. Nbd2 Qc7 18. Nc4 Bb7 19. Ra7 Ra8 20. Rxa8 Bxa8 21. Qa1 Bd6
22. Nxd6 Qxd6 23. Qa7 c5 24. Bd3 Bc6 25. Qa1 Qc7 26. Nd2 Nh5 27. g3 Ra8 28. Qd1
Nhf6 29. Nc4 Re8 30. Qe2 Nb6 31. Nxb6 Qxb6 32. Ra1 Qb7 33. f3 Nh5 34. Kh2 Qe7
35. f4 Nf6 36. Bxe5 Nd7 37. Ra7 Qe6 38. Bc4 Qg6 39. f5 Qg5 40. Bf4 Qf6 41. Bd3
Qd4 42. Qe3 Qb2 43. Bd6 c4 44. bxc4 b3 45. Qe2 Qd4 46. Ra3 b2 47. Rb3 Qxd6 48.
Rxb2 Qd4 49. Rb3 Bxe4 50. Bxe4 Rxe4 51. Qg2 Qxc4 52. Rd3 Nf6 53. Qd2 Kh7 54. Qf2
Qb5 0-1

[Event "American Cup Blitz 2026"]
[Site "Saint Louis USA"]
[Date "2026.03.02"]
[Round "8.22"]
[White "Stremavicius, Titas"]
[Black "Bilovil, Bogdan"]
[Result "1-0"]
[WhiteTitle "GM"]
[BlackTitle "IM"]
[WhiteElo "2547"]
[BlackElo "2446"]
[WhiteFideId "12804444"]
[BlackFideId "14168766"]
[EventDate "2026.03.02"]

1. Nf3 d5 2. g3 Nf6 3. Bg2 e6 4. O-O Be7 5. d4 O-O 6. c4 Nbd7 7. b3 a5 8. Nc3 c6
9. Nd2 b5 10. e4 bxc4 11. bxc4 Ba6 12. Re1 dxc4 13. Qc2 Nb6 14. Nf3 c5 15. Be3
Ng4 16. d5 Nxe3 17. Rxe3 exd5 18. Nxd5 Nxd5 19. exd5 Bf6 20. Rd1 Rb8 21. Ne5
Bxe5 22. Rxe5 Qf6 23. Qc3 h6 24. h4 Rfe8 25. Rxe8+ Rxe8 26. Qxf6 gxf6 27. Bf1
Rd8 28. d6 c3 29. Bxa6 Rxd6 30. Be2 Rb6 31. Rc1 Rb2 32. Bd3 Rxa2 33. Rxc3 a4 34.
Rxc5 a3 35. Ra5 Ra1+ 36. Kg2 a2 37. Bc4 Kg7 38. Rxa2 1-0

[Event "American Cup Blitz 2026"]
[Site "Saint Louis USA"]
[Date "2026.03.02"]
[Round "8.23"]
[White "Bilych, Oleksii"]
[Black "Alexakis, Dimitris"]
[Result "1-0"]
[WhiteTitle "IM"]
[BlackTitle "GM"]
[WhiteElo "2450"]
[BlackElo "2538"]
[WhiteFideId "14156504"]
[BlackFideId "4277023"]
[EventDate "2026.03.02"]

1. e4 c5 2. Nf3 e6 3. d4 cxd4 4. Nxd4 Nc6 5. Nc3 Qc7 6. Be2 Nf6 7. Be3 a6 8. O-O
Be7 9. f4 d6 10. Qe1 O-O 11. Qg3 Bd7 12. Nb3 b5 13. a3 b4 14. axb4 Nxb4 15. Nd4
Kh8 16. Kh1 e5 17. fxe5 dxe5 18. Rac1 Bc5 19. Nf5 Bxf5 20. Rxf5 Bxe3 21. Qxe3
Rad8 22. h3 Ng8 23. Rff1 Ne7 24. b3 f5 25. Bc4 f4 26. Qe2 Nec6 27. Nd5 Nxd5 28.
exd5 Nd4 29. Qe4 Nf5 30. Rf3 Ng3+ 31. Rxg3 fxg3 32. Re1 Rf2 33. Bd3 g6 34. Qg4
Qc3 35. Rd1 Rdf8 36. Qxg3 e4 37. d6 exd3 38. d7 Qxc2 39. Qe5+ Kg8 40. Qd5+ R2f7
41. Rf1 d2 42. d8=Q Kg7 43. Qd4+ Kg8 44. Rxf7 Qc1+ 45. Kh2 Rxd8 46. Qg7# 1-0